000 00782nam a2200253Ia 4500
003 OSt
005 20220928125530.0
006 a|||||r|||| 00| 0
007 ta
008 220927b |||||||| |||| 00| 0 hin d
020 _cINR 600.00
024 _a135311
037 _b302, 09/03/2017, Eastern Book Linkers
_cTextual
040 _aSDCL
_cSDCL
_bhin
041 _2hin
_ahin
082 _aO152,6N88(w), Q7
100 _aKushwaha Rashmi
_9470023
245 0 _aKadambari evam shivraj vijay ka Tulnatmak Adhyaan
260 _aDilli
_bEastern Book Linkers
_c2017
300 _axviii,198p.
_ccm.
650 _aSanskrit
_9391587
942 _hO152,6N88(w), Q7
_cTEXL
_2CC
999 _c782758
_d782758